| 000 | 00968cab a2200277 4500 | ||
|---|---|---|---|
| 001 | ABS45044 | ||
| 008 | 090401t1991 xxu||||| |||| 00| 0 eng d | ||
| 035 | _a(Sirsi) u50626 | ||
| 041 | _aeng | ||
| 100 | _aPowell-Smith, V. | ||
| 245 | _aLatent Damage Act spawns case law | ||
| 260 | _c1991 | ||
| 350 | _a0 | ||
| 490 |
_aContract Journal _v359(5832) 1 August 1991, 7(1) |
||
| 520 | _aDiscusses the case of Horbury v Craig Hall and Rutley 1991, which concerned the issue of writs under the Latent Damage Act 1986 against a surveyor for negligence. | ||
| 650 | _aDAMP | ||
| 650 | _aBUILT ENVIRONMENT-BUILDING PATHOLOGY-INFESTATION (FUNGAL)-FUNGI-DRY ROT | ||
| 650 | _aLATENT DAMAGE ACT 1986 S14A | ||
| 650 | _aLIMITATION ACT 1980 | ||
| 650 | _aLIMITATION | ||
| 650 | _aLONDON CONGREGATIONAL UNION INC V HARRIS AND HARRIS | ||
| 650 | _aWOODWORM | ||
| 690 | _aMANAGEMENT-BUSINESS MANAGEMENT-PROFESSIONAL PRACTICE | ||
| 942 | _n0 | ||
| 948 | _c04/03/1997 | ||
| 999 |
_c31590 _d31590 |
||